La structure du comportement

Salvato in:
Dettagli Bibliografici
Autore principale: Merleau-Ponty, Maurice (autor)
Natura: Libro
Lingua:francese
Pubblicazione: París Universitaires de France 1953
Edizione:3a. ed
Serie:Bibliothèque de Philosophie Contemporaine
Soggetti:
Tags: Aggiungi Tag
Nessun Tag, puoi essere il primo ad aggiungerne!!

MARC

LEADER 00000nam a2200000 a 4500
001 UCZ5267
003 CL-VaPUC
008 951117e19530000FR |||||||||||||||||fre|d
082 0 4 |a 128  |b MER  |2 21 
100 |a Merleau-Ponty, Maurice  |e autor  |9 302544 
245 1 3 |a La structure du comportement 
250 |a 3a. ed 
300 |a 248 p 
942 |c BK 
945 |d 19951117 00:00:00  |a cmena 
260 |a París  |b Universitaires de France  |c 1953 
650 0 |a Antropología   |9 233030 
650 0 |a Comportamiento   |9 308406 
650 0 |a Naturaleza humana   |9 308593 
650 0 |a Procesos mentales superiores  |9 330839 
583 |a last modification  |c 19951117 00:00:00  |k Rodrigo Vera 
490 0 |a Bibliothèque de Philosophie Contemporaine 
999 |c 241587  |d 241585 
952 |0 0  |1 0  |4 0  |6 128_000000000000000_MER_1953  |7 0  |8 P  |9 253950  |a BIBEDU  |b BIBEDU  |c BIBEDU_PB  |d 2019-11-19  |i 1573543  |o 128 MER 1953  |p 1573543  |r 2024-01-25  |w 2019-11-19  |y BK  |k FIL